Principles of Geotechnical Engineering/ (Record no. 2057)
[ view plain ]
| 000 -LEADER | |
|---|---|
| fixed length control field | 00347 a2200121 4500 |
| 020 ## - INTERNATIONAL STANDARD BOOK NUMBER | |
| International Standard Book Number | 0534933750 |
| 082 ## - DEWEY DECIMAL CLASSIFICATION NUMBER | |
| Classification number | 624.15136 DAS |
| 100 ## - MAIN ENTRY--PERSONAL NAME | |
| Personal name | Das, Braja M. |
| 245 ## - TITLE STATEMENT | |
| Title | Principles of Geotechnical Engineering/ |
| Statement of responsibility, etc. | Braja M. Das |
| 250 ## - EDITION STATEMENT | |
| Edition statement | 5rd ed |
| 260 ## - PUBLICATION, DISTRIBUTION, ETC. | |
| Place of publication, distribution, etc. | Boston : |
| Name of publisher, distributor, etc. | PWS Publishing Company, |
| Date of publication, distribution, etc. | 1993 |
| 300 ## - PHYSICAL DESCRIPTION | |
| Extent | xvi, 672p. : |
| Other physical details | ill. ; |
| Dimensions | 25 cm |
| 650 ## - SUBJECT ADDED ENTRY--TOPICAL TERM | |
| Topical term or geographic name entry element | Geotechnical engineering |
| Withdrawn status | Lost status | Damaged status | Not for loan | Permanent Location | Current Location | Shelving location | Date acquired | Total Checkouts | Full call number | Barcode | Date last seen | Date last checked out | Price effective from | Koha item type | Checked out |
|---|---|---|---|---|---|---|---|---|---|---|---|---|---|---|---|
| School of Civil and Environmental Engineering (SCEE) | School of Civil and Environmental Engineering (SCEE) | 1 | 624.15136 DAS | NIT-4283 | 01/10/2025 | 10/23/2019 | 01/05/2017 | Book | |||||||
| School of Civil and Environmental Engineering (SCEE) | School of Civil and Environmental Engineering (SCEE) | 4 | NIT-3763 | 01/09/2025 | 09/09/2024 | 01/05/2017 | Book | ||||||||
| School of Civil and Environmental Engineering (SCEE) | School of Civil and Environmental Engineering (SCEE) | 1 | NIT-3764 | 09/28/2022 | 09/28/2022 | 01/05/2017 | Book | 10/28/2022 | |||||||
| School of Civil and Environmental Engineering (SCEE) | School of Civil and Environmental Engineering (SCEE) | 2 | NIT-10131 | 06/02/2023 | 03/29/2023 | 01/05/2017 | Book | ||||||||
| School of Civil and Environmental Engineering (SCEE) | School of Civil and Environmental Engineering (SCEE) | 3 | NIT-1693 | 07/26/2021 | 07/09/2021 | 01/05/2017 | Book |
